1960 1824 1306 1256 1122 1735 1514 1908 1526 1881 1737 1257 1533 1516 1697 1334 1917 1654 1181 1840 1908 1666 1321 1422 1833 1933 1399 1700 1279 1623 1171 1633 1115 1312 1196 1599 1725 1526 1837 1893 1251 1239 1014 1582 1154 1270 1162 1415 1189 1573 1878 1490 1437 1649 1965 1944 1365 1867 1122 1673 1653 1602 1847 1092 1743 1423 1838 1223 1930 1548 1413 1109 1675 1158 1424 1072 1775 1893 1692 1658 1649 1055 1994 1761 1151 1816 1800 1344 1902 1271 1334 1403 1019 1731 1279 1145 1469 1414 1480 BCNSPRNW ULIB Ver.6.0+V

เปลี่ยนเป็นภาษาไทย

Change to English
 แสดงรายละเอียดบรรณานุกรม
  กลับหน้าหลัก

Brief Record : Get Marc (ISO 2709) : E-mail record : QR code < ปิดหน้าต่าง
LEADER : 00000nam 2200000uu 4500
001    13399122537
003     ULIB
008    020711s2547 th a 000 0 tha d
020    9749581571
020    9789749581575
090    นว.^bก111ส
100    กัณหา แก้วไทย^eแปล
245    7สหายนักสืบ ตอน กล้องส่องทางไกล/^cกัณหา แก้วไทย
260    กรุงเทพฯ :^bแก้วกานต์,^c2547
300    138 หน้า
945    ^p60^l0^i19987
999    ^aทศพร เกษรทอง
รายการนี้ยังไม่มีแท็ก
คุณยังไม่ได้ล็อกอิน คุณสามารถมีกิจกรรมร่วมกับเว็บไซต์ได้ แต่ต้องล็อกอินก่อน ::
  ล็อกอิน

รายการสื่อสารสนเทศ

ลำดับที่ ประเภท เลขเรียก/บาร์โค้ด สถานที่ สถานะ
1. นวนิยาย
นวนิยาย
นว. ก111ส ฉ.1 
  Barcode: 19987
ห้องสมุดวิทยาเขตสวรรค์ประชารักษ์
►นวนิยาย
บนชั้น
  ขอยืม

BibComment


ยังไม่เคยถูกคอมเมนท์

คอมเมนท์ทรัพยากรรายการนี้
  คอมเมนท์: 7สหายนักสืบ ตอน ก..


 Copyright 2026. Bcnsprnw @Library